| 000 | 00375nam a2200121Ia 4500 | ||
|---|---|---|---|
| 008 | 230917s9999||||xx |||||||||||||| ||und|| | ||
| 040 |
_e80304 _aMAIN |
||
| 041 | _aEnglish | ||
| 082 | _a342 W893W | ||
| 245 | 0 | _aWorld constitutions: Government and politics of Mangolia, Belgium, Malaysia, Italy, Cuba, Chile, Peru and Columbia. | |
| 260 |
_aDelhi _bResearch _cn.d. |
||
| 942 | _cBK | ||
| 999 |
_c58857 _d58857 |
||